Central Library OPAC University of Rajshahi

Problems in marketing / (Record no. 15572)

MARC details
000 -LEADER
fixed length control field 01002cam a2200313 4500
001 - CONTROL NUMBER
control field 15572
003 - CONTROL NUMBER IDENTIFIER
rucl marc code BD-RjUL
005 - DATE AND TIME OF LATEST TRANSACTION
control field 20211208235839.0
008 - FIXED-LENGTH DATA ELEMENTS--GENERAL INFORMATION
fixed length control field 140210s1961 nyua 000 0 eng
035 ## - SYSTEM CONTROL NUMBER
System control number (OCoLC)ocm00542282
System control number (BD-RjUL)15627
System control number (NNC)2411463
040 ## - CATALOGING SOURCE
Original cataloging agency DLC
Transcribing agency CSU
Modifying agency SER
-- UKM
-- ZCU
-- BD-RjUL
Language of cataloging eng
041 ## - LANGUAGE CODE
Language code of text/sound track or separate title eng
082 ## - DEWEY DECIMAL CLASSIFICATION NUMBER
Classification number 658.8
Author mark and year BRP 1961
090 ## - LOCALLY ASSIGNED LC-TYPE CALL NUMBER (OCLC); LOCAL CALL NUMBER (OCLC)
Classification number (OCLC) (R) ; Classification number, CALL (RLIN) (NR) HF5415
Local cutter number (OCLC) ; Book number/undivided call number, CALL (RLIN) .B814 1961
100 1# - MAIN ENTRY--PERSONAL NAME
Personal name Brown, Milton P.
Fuller form of name (Milton Peers),
Dates associated with a name 1919-2009.
9 (RLIN) 48347
245 10 - TITLE STATEMENT
Title Problems in marketing /
Statement of responsibility, etc. [by] Milton P. Brown, Wilbur B. England [and] John B. Matthews, Jr.
250 ## - EDITION STATEMENT
Edition statement 3d ed.
260 ## - PUBLICATION, DISTRIBUTION, ETC. (IMPRINT)
Place of publication, distribution, etc. New York :
Name of publisher, distributor, etc. McGraw-Hill,
Date of publication, distribution, etc. c1961.
300 ## - PHYSICAL DESCRIPTION
Pagination 862 p. :
Illustrations illus. ;
Size 24 cm.
490 1# - SERIES STATEMENT
Series statement Harvard Business School case books
500 ## - GENERAL NOTE
General note Previous editions by Malcolm P. McNair and others.
650 #0 - SUBJECT ADDED ENTRY--TOPICAL TERM
Topical term or geographic name as entry element Marketing.
9 (RLIN) 48348
830 #0 - SERIES ADDED ENTRY--UNIFORM TITLE
Uniform title Harvard Business School case books.
942 ## - ADDED ENTRY ELEMENTS (KOHA)
Source of classification or shelving scheme Dewey Decimal Classification
Koha item type Books
Holdings
Lost status Source of classification or shelving scheme Damaged status Not for loan Collection code Permanent Location Current Location Shelving location Date acquired Source of acquisition Cost, normal purchase price Total Checkouts Full call number Date last seen Copy number Koha item type
  Dewey Decimal Classification     Non-fiction Central Library, University of Rajshahi Central Library, University of Rajshahi   28/10/1965 Zeitlinger 72.00   658.8 BRP 1961 10/02/2014 C-6 Books
  Dewey Decimal Classification     Non-fiction Central Library, University of Rajshahi Central Library, University of Rajshahi   02/01/1965 Zeitlinger 69.60   658.8 BRP 1961 14/10/2019 C-2 Books
  Dewey Decimal Classification     Non-fiction Central Library, University of Rajshahi Central Library, University of Rajshahi   02/01/1965 Zeitlinger 69.60   658.8 BRP 1961 14/10/2019 C-3 Books
  Dewey Decimal Classification     Non-fiction Central Library, University of Rajshahi Central Library, University of Rajshahi   02/01/1965 Zeitlinger 69.60   658.8 BRP 1961 14/10/2019 C-4 Books
  Dewey Decimal Classification   Not For Loan Non-fiction Central Library, University of Rajshahi Central Library, University of Rajshahi Reading Room 28/10/1965 Zeitlinger 72.00   658.8 BRP 1961 14/10/2019 C-1 Books